[Event "International Championship of Central Se"]
[Site "Paracin, hotel "]
[Date "2016.07.12"]
[Round "7.45"]
[White "Can, Isik"]
[Black "Vujacic, Borivoje"]
[Result "1/2-1/2"]
[WhiteElo "2072"]
[BlackElo "2265"]
[PlyCount "98"]
[EventDate "2016.07.07"]

1. e4 c5 2. Nf3 d6 3. d4 Nf6 4. Nc3 cxd4 5. Nxd4 a6 6. Bg5 e6 7. f4 Nbd7 8. Qf3
Be7 9. O-O-O Qc7 10. g4 b5 11. Bxf6 Nxf6 12. g5 Nd7 13. f5 Bxg5+ 14. Kb1 Ne5
15. Qh5 Qe7 16. Nxe6 Bxe6 17. fxe6 g6 18. exf7+ Kxf7 19. Qe2 Kg7 20. Nd5 Qd8
21. Bg2 Ra7 22. Bh3 Rf8 23. Rhf1 Raf7 24. b3 h5 25. Kb2 Qe8 26. Rxf7+ Qxf7 27.
Rf1 Qa7 28. Rxf8 Kxf8 29. Qg2 Qd4+ 30. c3 Nd3+ 31. Kb1 Qe5 32. Qf3+ Nf4 33.
Nxf4 Qxf4 34. Qxf4+ Bxf4 35. Bc8 a5 36. h3 b4 37. cxb4 axb4 38. Kc2 Ke7 39. Kd3
Kf6 40. Bd7 g5 41. Be8 g4 42. Bxh5 gxh3 43. Bg4 h2 44. Bf3 Ke5 45. Kc4 Bd2 46.
Bh1 Be1 47. Bg2 Bd2 48. Bh1 Ke6 49. Kd3 Be1 1/2-1/2

[Event "International Championship of Central Se"]
[Site "Paracin, hotel "]
[Date "2016.07.12"]
[Round "7.46"]
[White "Bejatovic, Bojana"]
[Black "Djokic, Slavoljub"]
[Result "1-0"]
[WhiteElo "2019"]
[BlackElo "2167"]
[PlyCount "119"]
[EventDate "2016.07.07"]

1. d4 c5 2. e3 cxd4 3. exd4 Nf6 4. Nf3 d5 5. Bd3 Bg4 6. O-O e6 7. c3 Nc6 8.
Nbd2 Rc8 9. Re1 a6 10. Nf1 h6 11. h3 Bxf3 12. Qxf3 Bd6 13. Ne3 O-O 14. Ng4 Nxg4
15. Qxg4 f5 16. Qf3 Rf6 17. b3 b5 18. Bb2 Qb6 19. Rac1 Qa5 20. Rxe6 Rxe6 21.
Qxd5 Rce8 22. Bxf5 Kf7 23. Re1 Nd8 24. Bxe6+ Rxe6 25. Rxe6 Nxe6 26. Qxd6 Qxa2
27. d5 Ng5 28. Bc1 Qb1 29. Qf4+ Ke7 30. Kh2 Qxb3 31. Qc7+ Ke8 32. Bxg5 hxg5 33.
Qe5+ Kd7 34. Qxg7+ Kd6 35. Qf6+ Kd7 36. Qc6+ Kd8 37. d6 Qc4 38. Qa8+ Kd7 39.
Qa7+ Kxd6 40. Qxa6+ Ke5 41. Qb6 Kf5 42. g4+ Ke5 43. Qe3+ Kf6 44. h4 gxh4 45.
Kh3 Qf1+ 46. Kxh4 Qh1+ 47. Kg3 Qg1+ 48. Kf4 Qh2+ 49. Qg3 Qh1 50. g5+ Ke7 51.
Kf5 Qb1+ 52. Ke5 Qe1+ 53. Qe3 Qf1 54. f4 Qc4 55. Qd4 Qf1 56. Kf5 Kf8 57. Qd8+
Kg7 58. Qf6+ Kg8 59. Kg6 Qd3+ 60. f5 1-0

[Event "International Championship of Central Se"]
[Site "Paracin, hotel "]
[Date "2016.07.12"]
[Round "7.47"]
[White "Jovanovic, Aleksandar D"]
[Black "Petrovic, Marija"]
[Result "0-1"]
[WhiteElo "2148"]
[BlackElo "2105"]
[PlyCount "60"]
[EventDate "2016.07.07"]

1. c4 e5 2. d3 d6 3. Nc3 g6 4. e3 Bg7 5. b3 Nf6 6. Bb2 c6 7. Nf3 O-O 8. Be2 a5
9. O-O Na6 10. d4 Qe7 11. Na4 e4 12. Ne1 Nd7 13. Qd2 Nc7 14. Rc1 d5 15. f3 exf3
16. gxf3 Re8 17. Ng2 Bh6 18. f4 Nf6 19. Nb6 Ne4 20. Qe1 Rb8 21. Qxa5 Bh3 22.
Ba3 Qd8 23. Qa7 Nd2 24. Rfd1 Bxg2 25. Kxg2 Bxf4 26. Rxd2 Bxe3 27. Rdc2 Ne6 28.
Nxd5 cxd5 29. Bb2 Nf4+ 30. Kf1 Qh4 0-1

[Event "International Championship of Central Se"]
[Site "Paracin, hotel "]
[Date "2016.07.12"]
[Round "7.48"]
[White "Stojkovska, Monika"]
[Black "Djordjevic, Lazar"]
[Result "1-0"]
[WhiteElo "2005"]
[BlackElo "2022"]
[PlyCount "79"]
[EventDate "2016.07.07"]

1. e4 c5 2. Nf3 e6 3. g3 Nc6 4. Bg2 Nf6 5. Qe2 d5 6. exd5 Nxd5 7. O-O Be7 8.
Rd1 O-O 9. d4 Qb6 10. c4 Nf6 11. dxc5 Bxc5 12. Nc3 Ng4 13. Ne4 Be7 14. h3 Nf6
15. Nd6 Nd4 16. Nxd4 Bxd6 17. Nb5 Bc5 18. Bf4 Bd7 19. Bc7 Qa6 20. Be5 Bxb5 21.
cxb5 Qb6 22. a4 a5 23. bxa6 Rxa6 24. b4 Be7 25. b5 Raa8 26. Bd4 Qc7 27. Be5 Qb6
28. Bd4 Qc7 29. b6 Qb8 30. Be5 Qc8 31. Qb5 Rd8 32. Rxd8+ Bxd8 33. a5 Nd7 34.
Bb2 Bf6 35. Rc1 Qd8 36. Bxf6 Nxf6 37. Bxb7 Rb8 38. Qa6 Qd2 39. Qc4 h6 40. a6
1-0

[Event "International Championship of Central Se"]
[Site "Paracin, hotel "]
[Date "2016.07.12"]
[Round "7.49"]
[White "Kisic, Bozidar"]
[Black "Soilemetzidis, Konstantinos"]
[Result "1-0"]
[WhiteElo "2215"]
[BlackElo "2035"]
[PlyCount "85"]
[EventDate "2016.07.07"]

1. d4 g6 2. h4 Nf6 3. h5 Nxh5 4. e4 d6 5. Nc3 e5 6. Rxh5 gxh5 7. dxe5 dxe5 8.
Qxh5 Be6 9. Qxe5 Rg8 10. Nd5 Bg7 11. Nxc7+ Kd7 12. Nxe6 Bxe5 13. Nxd8 Kxd8 14.
c3 Nd7 15. Be3 Rc8 16. O-O-O Ke7 17. Nf3 f6 18. Nh4 Rgd8 19. Nf5+ Kf7 20. Be2
Nf8 21. Rxd8 Rxd8 22. Bc4+ Ke8 23. Bxa7 Bf4+ 24. Ne3 Nd7 25. g3 Bh6 26. f4 Bf8
27. Nd5 Kf7 28. Bd4 Kg6 29. b4 Rc8 30. Bd3 Kh5 31. Be2+ Kg6 32. Bg4 Rd8 33.
Bf5+ Kf7 34. Bxh7 Bg7 35. Bf5 Nb8 36. b5 Bf8 37. Bb6 Ba3+ 38. Kc2 Rh8 39. Kb3
Bc1 40. a4 Bd2 41. a5 Be1 42. g4 Rh3 43. Bd4 1-0

[Event "International Championship of Central Se"]
[Site "Paracin, hotel "]
[Date "2016.07.12"]
[Round "7.50"]
[White "Cannesar, Rad"]
[Black "Dogan, Mire Deniz"]
[Result "0-1"]
[WhiteElo "1892"]
[BlackElo "2042"]
[PlyCount "130"]
[EventDate "2016.07.07"]

1. e4 c5 2. Nf3 d6 3. d4 cxd4 4. Nxd4 Nf6 5. Nc3 a6 6. Bc4 e5 7. Nde2 Be7 8.
O-O O-O 9. a4 Be6 10. Ba2 Nbd7 11. Kh1 Nc5 12. f3 Qd7 13. b4 Bxa2 14. Rxa2 Ne6
15. Nd5 Nxd5 16. Qxd5 Nc7 17. Qd2 Qc6 18. Nc3 Qc4 19. Rd1 Ne6 20. Rb2 Rfc8 21.
Nd5 Bd8 22. Ne3 Qc6 23. Nf5 Nd4 24. Nxd4 exd4 25. b5 axb5 26. axb5 Qc3 27. Rb1
Ra2 28. Qxd4 Qxd4 29. Rxd4 Rcxc2 30. Rxd6 Bc7 31. Rd7 h5 32. Be3 h4 33. h3 b6
34. Rc1 Rxc1+ 35. Bxc1 Bg3 36. Rd1 Ra1 37. Rg1 Bf2 38. Rf1 Be3 39. Bxe3 Rxf1+
40. Kh2 Rb1 41. Bxb6 Rxb5 42. Bf2 Rh5 43. g3 hxg3+ 44. Kxg3 Rg5+ 45. Kf4 Rg2
46. Be3 Kh7 47. e5 Kg6 48. Bc5 Rh2 49. Kg3 Rc2 50. Bd6 Kf5 51. Bf8 Rc8 52. Bd6
Rc6 53. Bb8 g6 54. Kf2 Rc8 55. Bd6 Rc1 56. Bb8 Kg5 57. Kg3 Rg1+ 58. Kh2 Rb1 59.
Bd6 Kh4 60. Be7+ g5 61. Kg2 Rb2+ 62. Kf1 Kxh3 63. Bxg5 Kg3 64. f4 Rg2 65. Ke1
Kf3 0-1

[Event "International Championship of Central Se"]
[Site "Paracin, hotel "]
[Date "2016.07.12"]
[Round "7.51"]
[White "Malinarski, Yehuda"]
[Black "Mamontova, Anastasia"]
[Result "0-1"]
[WhiteElo "2104"]
[BlackElo "2084"]
[PlyCount "112"]
[EventDate "2016.07.07"]

1. e4 c6 2. d4 d5 3. e5 Bf5 4. Nf3 e6 5. Be3 Qb6 6. Qc1 Nd7 7. Nbd2 h6 8. c4
Ne7 9. c5 Qc7 10. b4 f6 11. exf6 gxf6 12. Be2 e5 13. O-O Rg8 14. Kh1 Bg4 15. h3
Bh5 16. Nb3 Nf5 17. g4 Nxe3 18. Qxe3 Bf7 19. a4 h5 20. Nh2 O-O-O 21. Rg1 Re8
22. Qd2 Be6 23. b5 Nb8 24. gxh5 Rh8 25. Rg6 Bxh3 26. Rag1 exd4 27. R6g3 Bd7 28.
Bf3 Bh6 29. Qxd4 Bf4 30. R3g2 Be5 31. Qh4 f5 32. Nf1 cxb5 33. axb5 Bxb5 34. Ne3
Qf7 35. Nxd5 Bc6 36. Rd1 Rd8 37. Ne7+ Kc7 38. Nxc6 Rxd1+ 39. Bxd1 Nxc6 40. Qh3
Rd8 41. Rg1 Qc4 42. h6 Rh8 43. Rg6 Ne7 44. Rg5 Bf4 45. Rh5 Qe6 46. Qc3 Rxh6 47.
Qa5+ Kc8 48. Rxh6 Qd5+ 49. Kg1 Qxd1+ 50. Kg2 Bxh6 51. Qc3 Qd5+ 52. f3 Bf4 53.
Kf2 Qe5 54. Qc4 Nd5 55. c6 Bg3+ 56. Kg1 Qe3+ 0-1